Normal view
MARC view
- Supervisors Dr. Umar Shahbaz Khan Dr. Kashif Saghar (NESCOM) Asst. Prof. Kanwal Naveed Lec. Usman Asad
Entry Personal Name
001 - CONTROL NUMBER
- control field: 71471
003 - CONTROL NUMBER IDENTIFIER
- control field: NUST
005 - DATE AND TIME OF LATEST TRANSACTION
- control field: 20210628204636.0
008 - FIXED-LENGTH DATA ELEMENTS
- fixed length control field: 210628|| aca||aabn | a|a d
040 ## - CATALOGING SOURCE
- Original cataloging agency: NUST
- Transcribing agency: NUST
100 ## - HEADING--PERSONAL NAME
- Personal name: Supervisors Dr. Umar Shahbaz Khan Dr. Kashif Saghar (NESCOM) Asst. Prof. Kanwal Naveed Lec. Usman Asad
670 ## - SOURCE DATA FOUND
- Source citation: Work cat.: (NUST): Anum Tahir Harris Bin Khalid Umar Shadab Butt 71469, PR-SOF-1780-FORMAL VERIFICATION, DESIGN AND DEVELOPMENT OF A FIRE FIGHTING ROBOT, 2019
